Measurement and Control / (Record no. 31988)
[ view plain ]
| 000 -LEADER | |
|---|---|
| fixed length control field | 00474 a2200181 4500 |
| 003 - CONTROL NUMBER IDENTIFIER | |
| control field | OSt |
| 005 - DATE AND TIME OF LATEST TRANSACTION | |
| control field | 20260206152729.0 |
| 008 - FIXED-LENGTH DATA ELEMENTS--GENERAL INFORMATION | |
| fixed length control field | 260206b ||||| |||| 00| 0 eng d |
| 040 ## - CATALOGING SOURCE | |
| Transcribing agency | . |
| 082 ## - DEWEY DECIMAL CLASSIFICATION NUMBER | |
| Classification number | 620.0044 |
| Item number | S2714 |
| 100 ## - MAIN ENTRY--PERSONAL NAME | |
| 9 (RLIN) | 6549 |
| Personal name | Sawhney, A K |
| 245 ## - TITLE STATEMENT | |
| Title | Measurement and Control / |
| Statement of responsibility, etc. | A.K. Sawhney and Mahajan |
| 260 ## - PUBLICATION, DISTRIBUTION, ETC. | |
| Name of publisher, distributor, etc. | Dhanpat Rai & co p ltd, |
| Place of publication, distribution, etc. | New Delhi : |
| 300 ## - PHYSICAL DESCRIPTION | |
| Extent | 459 p. |
| 650 #0 - SUBJECT ADDED ENTRY--TOPICAL TERM | |
| 9 (RLIN) | 2106 |
| Topical term or geographic name entry element | Measurement |
| 700 ## - ADDED ENTRY--PERSONAL NAME | |
| 9 (RLIN) | 6556 |
| Personal name | Mahajan, M. |
| 942 ## - ADDED ENTRY ELEMENTS (KOHA) | |
| Source of classification or shelving scheme | |
| Koha item type | Books |
| Withdrawn status | Lost status | Source of classification or shelving scheme | Damaged status | Not for loan | Permanent Location | Current Location | Shelving location | Date acquired | Source of acquisition | Cost, normal purchase price | Full call number | Barcode | Date last seen | Cost, replacement price | Price effective from | Koha item type |
|---|---|---|---|---|---|---|---|---|---|---|---|---|---|---|---|---|
| IMU Kolkata | IMU Kolkata | Reference | 2026-02-23 | 2 | 281.25 | 620.0044 S2714 | 14656 | 2026-02-23 | 375.00 | 2026-02-23 | Books | |||||
| IMU Kolkata | IMU Kolkata | 2026-02-23 | 2 | 281.25 | 620.0044 S2714 | 14657 | 2026-02-23 | 375.00 | 2026-02-23 | Books | ||||||
| IMU Kolkata | IMU Kolkata | 2026-02-23 | 2 | 281.25 | 620.0044 S2714 | 14658 | 2026-02-23 | 375.00 | 2026-02-23 | Books | ||||||
| IMU Kolkata | IMU Kolkata | 2026-02-23 | 2 | 281.25 | 620.0044 S2714 | 14659 | 2026-02-23 | 375.00 | 2026-02-23 | Books | ||||||
| IMU Kolkata | IMU Kolkata | 2026-02-23 | 2 | 281.25 | 620.0044 S2714 | 14660 | 2026-02-23 | 375.00 | 2026-02-23 | Books | ||||||
| IMU Kolkata | IMU Kolkata | 2026-02-23 | 2 | 281.25 | 620.0044 S2714 | 14661 | 2026-02-23 | 375.00 | 2026-02-23 | Books | ||||||
| IMU Kolkata | IMU Kolkata | 2026-02-23 | 2 | 281.25 | 620.0044 S2714 | 14662 | 2026-02-23 | 375.00 | 2026-02-23 | Books | ||||||
| IMU Kolkata | IMU Kolkata | 2026-02-23 | 2 | 281.25 | 620.0044 S2714 | 14663 | 2026-02-23 | 375.00 | 2026-02-23 | Books | ||||||
| IMU Kolkata | IMU Kolkata | 2026-02-23 | 2 | 281.25 | 620.0044 S2714 | 14664 | 2026-02-23 | 375.00 | 2026-02-23 | Books | ||||||
| IMU Kolkata | IMU Kolkata | 2026-02-23 | 2 | 281.25 | 620.0044 S2714 | 14665 | 2026-02-23 | 375.00 | 2026-02-23 | Books |